000 01087am a2200397a 44500
003 AR-BaBNM
005 20251128211134.0
008 132120s1997 #AR|||||||||||000 | esp||
020 _a950-808-157-0
040 _cAR-BaBNM
245 1 0 _aHacia un nuevo consenso democrático
_bconversaciones con la política
260 _aBuenos Aires
_bHomo Sapiens Ediciones
_c1997
300 _a173 p.
650 4 _aPOLITICA
650 4 _aPODER POLITICO
650 4 _aDEMOCRACIA
650 4 _aLIBERALISMO
650 4 _aLIDERAZGO
650 4 _aHISTORIA POLITICA
650 4 _aHISTORIA DE LAS IDEAS
650 4 _aSOBERANIA
650 4 _aPROGRESO
650 4 _aINTELECTUALES
700 1 _aQuiroga, Hugo
_ecoordinador
700 1 _aIazzetta, Osvaldo
_ecoordinador
700 1 _aO'Donnell, Guillermo
700 1 _aNun, José
700 1 _aPortantiero, Juan Carlos
700 1 _aBorón, Atilio A.
700 1 _aFernández Meijide, Graciela
700 1 _aStorani, Federico
700 1 _aBinner, Hermes
700 1 _aD'Ambrosio, Angel
942 _cBK
998 _cmariana
999 _c18413
_d18413